000 01662cam a22003737a 4500
001 14852311
005 20070727210652.0
008 070516s2007 enka b 001 0 eng d
010 _a2007297159
015 _aGBA679916
_2bnb
016 7 _a013557211
_2Uk
020 _a0199281122 (pbk.)
020 _a9780199281121 (pbk.)
035 _a(OCoLC)ocm71541591
035 _a(OCoLC)71541591
040 _aUKM
_cUKM
_dBAKER
_dBWKUK
_dYDXCP
_dIXA
_dDLC
042 _alccopycat
050 0 0 _aTJ163.2
_b.A54 2007
082 0 4 _a333.79
_222
_bAND
100 1 _aAndrews, John.
_95063
245 1 0 _aEnergy Science :
_bPrinciples, Technologies, and Impacts /
_cJohn Andrews and Nick Jelley.
260 _aOxford ;
_aNew York :
_bOxford University Press,
_cc2007.
300 _axv, 328 p. :
_bill. ;
_c25 cm.
504 _aIncludes bibliographical references and index.
504 _aIncludes Web resources.
650 0 _aPower resources.
_95064
700 1 _aJelley, N. A.
_q(Nicholas Alfred),
_d1946-
_95065
856 4 2 _3Contributor biographical information
_uhttp://www.loc.gov/catdir/enhancements/fy0737/2007297159-b.html
856 4 1 _3Table of contents only
_uhttp://www.loc.gov/catdir/enhancements/fy0737/2007297159-t.html
942 _2ddc
_cBB
999 _c11602
_d11602